Witamy w Bibliotece Naukowej Instytutu Łączności!

Mostovye impul'snye ustrojstva s polevymi tranzistorami / (Rekord nr 5017)

000 -LEADER
fixed length control field 00306 a2200085 4500
100 1# - MAIN ENTRY--PERSONAL NAME
Personal name Dimitraki, P. N..
Relator term Autor
245 0# - TITLE STATEMENT
Title Mostovye impul'snye ustrojstva s polevymi tranzistorami /
Statement of responsibility, etc Dimitraki P. N..
260 ## - PUBLICATION, DISTRIBUTION, ETC. (IMPRINT)
Place of publication, distribution, etc Kisinev :
Name of publisher, distributor, etc Kartja Moldovenjaske,
Date of publication, distribution, etc 1981.
300 ## - PHYSICAL DESCRIPTION
Extent 139 s.;
Dimensions 25 cm.
710 2# - ADDED ENTRY--CORPORATE NAME
Corporate name or jurisdiction name as entry element Kartja Moldovenjaske.
Relator term Wydawca
Relator code pbl

Brak dostępnych egzemplarzy.

Działa dzięki Koha